000 00689nam a22002057a 4500
999 _c15728
_d15728
003 MIRAKIL
005 20240321143924.0
008 240321b tu ||||| |||| 00| 0 tur d
020 _a9789751617200
040 _aTR-AnCHP
_cTR-AnCHP
041 _atur
082 _a929.4
_bO64t 2020
100 _aOrkun, Hüseyin Namık
245 1 0 _aTürk sözünün aslı /
_cHüseyin Namık Orkun.
260 _aAnkara :
_bTürk Dil Kurumu,
_c2020.
300 _a35 sayfa ;
_c20 cm.
490 0 _aAtatürk Kültür, Dil ve Tarih Yüksek Kurumu,Türk Dil Kurumu Yayınları ;
_v852.
856 _zDijital Nüshası için Partimizin Kütüphane Sorumlusu ile iletişime geçiniz.
942 _2ddc
_cBKS